Sports Quiz

Random Sports or Football Quiz

All-Time Tigers Quiz Stats

Quiz not verified by Sporcle

Also try: Mixed Big 4 Logos
Challenge
Share
Tweet
Embed
Score 0/9 Timer 05:00
0 Plays Today
Position Player % Correct
Center FieldTy Cobb
94.9%
ShortstopAlan Trammell
91.1%
Right FieldAl Kaline
90.3%
Second BaseLou Whitaker
88.7%
First BaseNorm Cash
67.9%
CatcherBill Freehan
65.7%
Third BaseAurelio Rodriguez
43.4%
Designated HitterRusty Staub
30%
Left FieldBobby Veach
14.8%

You're not logged in!

Compare scores with friends on all Sporcle quizzes.
Join for Free
OR
Log In

You Might Also Like...

Show Comments

Extras

Top Quizzes Today


Score Distribution

Your Account Isn't Verified!

In order to create a playlist on Sporcle, you need to verify the email address you used during registration. Go to your Sporcle Settings to finish the process.

Report this User

Report this user for behavior that violates our Community Guidelines.

Details: